Formulario práctico de agricultura y sus industrias (Record no. 121931)
[ view plain ]
| 000 -LEADER | |
|---|---|
| campo de control de longitud fija | 00876nam a2200193 i 4500 |
| 001 - NÚMERO DE CONTROL | |
| campo de control | 121931 |
| 003 - IDENTIFICADOR DE NÚMERO DE CONTROL | |
| campo de control | ES-MaACL |
| 005 - FECHA Y HORA DE LA ÚLTIMA TRANSACCIÓN | |
| campo de control | 20230906191853.0 |
| 007 - CAMPO FIJO DE DESCRIPCIÓN FÍSICA--INFORMACIÓN GENERAL | |
| campo de control de longitud fija | t| |
| 008 - DATOS DE LONGITUD FIJA--INFORMACIÓN GENERAL | |
| campo de control de longitud fija | 070214s1929 sp |||| | spa d |
| 080 ## - NÚMERO DE LA CLASIFICACIÓN DECIMAL UNIVERSAL | |
| Número de la Clasificación Decimal Universal | 338.43 |
| 100 1# - ENTRADA PRINCIPAL--NOMBRE DE PERSONA | |
| Nombre de persona | Poch Noguer, José. |
| 9 (RLIN) | 92696 |
| 245 10 - MENCIÓN DEL TÍTULO | |
| Título | Formulario práctico de agricultura y sus industrias |
| Resto del título | : colección de procedimientos, reglas y fórmulas para la práctica de la agricultura y sus industrias sin previos conocimientos técnicos y sin emplear aparatos especiales ni complicados / |
| Mención de responsabilidad, etc. | por José Poch Noguer. |
| 260 ## - PUBLICACIÓN, DISTRIBUCIÓN, ETC. | |
| Lugar de publicación, distribución, etc. | Madrid : |
| Nombre del editor, distribuidor, etc. | Bailly-Bailliere, |
| Fecha de publicación, distribución, etc. | 1929. |
| 300 ## - DESCRIPCIÓN FÍSICA | |
| Extensión | 3 v. ; |
| Dimensiones | 18 x 12 cm. |
| 505 8# - NOTA DE CONTENIDO CON FORMATO | |
| Nota de contenido con formato | Contiene: I ; |
| Título | Industrias químico-agrícolas - II ; |
| -- | Explotaciones agrícolas en pleno campo - III ; |
| -- | Explotaciones de cuadra y de corral |
| 650 04 - PUNTO DE ACCESO ADICIONAL DE MATERIA--TÉRMINO DE MATERIA | |
| Término de materia o nombre geográfico como elemento de entrada | Industria agrícola. |
| 9 (RLIN) | 13717 |
| 852 ## - LOCALIZACIÓN | |
| Ubicación | ES-MaACL |
| Número de control de estantería | B-2797-99 |
| Estatus retirado | Estado de pérdida | Estado de daño | No para préstamo | Biblioteca de origen | Biblioteca actual | Ubicación en estantería | Fecha de adquisición | Fuente de adquisición | Total de préstamos | Signatura topográfica completa | Código de barras | Visto por última vez | Precio de reemplazo | Tipo de ítem Koha |
|---|---|---|---|---|---|---|---|---|---|---|---|---|---|---|
| Biblioteca del Ateneo de Madrid | Biblioteca del Ateneo de Madrid | Sala Pardo Bazán | 17/01/2008 | B-2797-99 | 1127067 | 23/02/2023 | 23/02/2023 | Libro impreso |
